| 000 | 00904nam a2200205 a 4500 | ||
|---|---|---|---|
| 001 | 000345744 | ||
| 003 | AM-YeHGA | ||
| 005 | 20250617131212.0 | ||
| 008 | 040622s1985 ||| r 000 0 rus d | ||
| 040 | _aAM-YeHGA | ||
| 041 | 0 | _arus | |
| 100 | 1 | _aПляцковский, Михаил Спартакович | |
| 245 | 1 | 0 |
_aМажор : _bСтихи и песни / _cМихаил Пляцковский; Худож. В. Медведев. |
| 260 |
_aМосква : _bСовременник, _c1985. |
||
| 300 |
_a192 с. _bил. |
||
| 440 | 0 | _aНовинки "Современника" | |
| 505 | 0 | _aЦиклы: Самолет, улетающий в детство; Спокойна русская природа; Телефон доверия; Свет северных снегов; Крыша дома твоего | |
| 653 | 0 | _aРусская советская поэзия | |
| 090 | _c133049 | ||
| 999 |
_c131683 _d131683 |
||